[Event "45th Olympiad 2024"]
[Site "Budapest HUN"]
[Date "2024.09.15"]
[Round "5.58"]
[Board "4"]
[White "Abdul Khaliq, Wais"]
[Black "Van Hoolandt, Patrick"]
[Result "1-0"]
[WhiteElo "1968"]
[BlackElo "2036"]
[PlyCount "69"]
[EventDate "2024.09.11"]
[WhiteTeam "Afghanistan"]
[BlackTeam "Monaco"]
[WhiteTeamCountry "AFG"]
[BlackTeamCountry "MNC"]

1. d4 {Golod,Vitali} Nf6 2. c4 e6 3. Nc3 Bb4 4. Qc2 O-O 5. Bg5 h6 6. Bh4 d6 7. a3 Bxc3+ 8. Qxc3 Nbd7 9. Nf3 b6 ({RR} 9... g5 10. Bg3 Ne4 11. Qc2 f5 12. e3 b6 ({RR} 12... Ndf6 13. Bd3 h5 14. h4 Nxg3 15. fxg3 g4 16. Ng5 Nh7 17. Nxh7 Kxh7 18. O-O) 13. Nd2 Nxg3 ({RR} 13... Ndf6 14. f3 Nxg3 15. hxg3 Kg7 16. Bd3) 14. hxg3 Qf6 15. Be2 Bb7 16. Bf3 c6 ({RR} 16... Bxf3 17. gxf3 c5 18. O-O-O cxd4 19. exd4 b5) 17. O-O-O g4 18. Be2 c5 19. d5 ({RR} 19. f3) 19... exd5 20. cxd5 c4 ({RR} 20... Bxd5 21. Bc4 ({RR} 21. Nc4 Bxg2 22. Rxd6 ({RR} 22. Rh2 Be4 23. Qa4 b5 ({RR} 23... d5 24. Qxd7) 24. Qxb5 Rfb8 25. Qxd7 ({RR} 25. Qa5 d5) ({RR} 25. Qa4 Rxb2) 25... Rxb2) 22... Bxh1 23. Rxf6 Rxf6) 21... Be6 22. Ne4 fxe4 23. Rxd6 Rae8 24. Rxd7 ({RR} 24. Qxe4 Ne5) 24... Bxc4 25. Qxc4+ Qe6 26. Qxe6+ Rxe6) 21. Nb1 ({RR} 21. Nxc4 Rac8 22. Qb3 ({RR} 22. Qa4 Nc5 23. Qxa7 b5) 22... Nc5 ({RR} 22... Rc5) 23. Qb4 Ne4 24. Rhf1 Rc5) 21... b5 22. Nc3 Ba6 ({RR} 22... b4 23. axb4 a5 24. b5) 23. Rh4 Nc5 ({RR} 23... Qg7 24. Rdh1 Rf6 25. f3) 24. Rdh1 {1-0 Onischuk,A (2637)-Van der Wiel,J (2558) Corus-B Wijk aan Zee 2000 (6)}) ({RR} 9... Qe8 10. e3 Ne4 ({RR} 10... b6 11. Nd2 Bb7 12. f3 c5 13. dxc5 dxc5 14. Be2) 11. Qc2 f5 12. Nd2 ({RR} 12. Bd3 Ndf6 13. Bxf6 Nxf6 14. O-O a5 15. b4 Bd7 16. b5 b6) 12... Nxd2 13. Qxd2 e5 14. dxe5 Nxe5 15. f3 Be6 16. Qc3 a5 17. c5) ({RR} 9... Qe7 10. e3 e5 11. Be2 a5 ({RR} 11... Re8) 12. b3 Re8 13. Qc2 b6 14. O-O Bb7 15. d5) 10. e3 ({RR} 10. Nd2 Bb7 11. f3 c5 12. e4 Rc8 13. dxc5 Rxc5 14. Qd4 Qb8 15. Be2) 10... Bb7 11. Be2 Qe8 ({RR} 11... Qe7 12. O-O g5 13. Bg3 Ne4 14. Qc2 f5 15. Nd2 Ndf6) ({RR} 11... Qe7 12. O-O e5 13. Bxf6 Qxf6 14. dxe5 Nxe5 15. Nxe5 dxe5 16. f4 Qg6 17. Rf2 exf4 18. exf4 f5 19. Bf3 Bxf3 20. Rxf3 Rfe8 21. Re1 Rxe1+ 22. Qxe1 Re8 23. Re3 Rxe3 24. Qxe3 Qd6 25. b4 Kf7 26. c5 {½-½ Zhou,S (1740)-Cai,B (1854) Chinese Youth G20 2024 (8.1)}) 12. h3 $146 ({RR} 12. O-O Ne4 13. Qc2 f5 14. b4 g5 15. Bg3 Ndf6 16. c5 h5 17. h4 g4 18. Ng5 bxc5 19. Bf4 cxd4 20. Qxc7 Nxg5 21. hxg5 Rf7 22. Qxd6 Rd8 23. Qe5 Rd5 24. Qb8 d3 25. Bd1 Rd8 26. Qe5 Qc6 {0-1 Kwong,W (1876)-Spyropoulos,N (2425) World Cup U18 Prel rapid 2021 (3)}) ({RR} 12. O-O Ne4 13. Qc2 f5 14. Nd2 g5 15. Bg3 e5 16. Bf3 Nxd2 17. Bxb7 Nxf1 18. Bxa8 Nxe3 19. fxe3 Qxa8 20. Rf1 Qe4 21. Qxe4 fxe4 22. dxe5 Rxf1+ 23. Kxf1 dxe5 24. Ke2 Kf7 25. Kd2 Ke6 26. b4 c6 {0-1 Mphungu,G (1930)-Latorre Lopez Moreira,L (2277) Olympiad-41 Tromsoe 2014 (1.4)}) ({RR} 12. O-O Ne4 13. Qc2 f5 14. Nd2 g5 15. Bg3 Ndf6 16. Bd3 Kg7 17. Bxe4 fxe4 18. c5 Ba6 19. Rfc1 Bd3 20. Qd1 Qd7 21. cxd6 cxd6 22. Nc4 Ne8 23. b4 Rc8 24. Nb2 Rxc1 25. Rxc1 Ba6 26. Nc4 Rf7 {0-1 Muha,M (1904)-Bender,I (2218) Zagreb City-ch 2013 (1)}) 12... Ne4 13. Qc2 f5 14. O-O-O g5 15. Bg3 Ndf6 16. Bd3 Nxg3 17. fxg3 Kg7 18. g4 fxg4 19. hxg4 Rh8 20. Nh2 Qc6 21. Rhf1 Raf8 22. Rd2 Ne4 23. d5 Rxf1+ 24. Nxf1 exd5 25. Bxe4 dxe4 26. Qc3+ Kg8 27. Rf2 Rh7 28. Qf6 Qxc4+ 29. Kd1 Qa4+ 30. Ke1 Qe8 31. Ng3 Bc6 32. Nf5 Qf8 33. Nxh6+ Qxh6 34. Qd8+ Kg7 35. Qf8+ 1-0

[Event "45th Olympiad 2024"]
[Site "Budapest HUN"]
[Date "2024.09.15"]
[Round "5.59"]
[Board "1"]
[White "Paiva, Donaldo"]
[Black "Ssegwanyi, Arthur"]
[Result "1-0"]
[WhiteElo "2139"]
[BlackElo "2365"]
[PlyCount "55"]
[EventDate "2024.09.11"]
[WhiteTeam "Mozambique"]
[BlackTeam "Uganda"]
[WhiteTeamCountry "MOZ"]
[BlackTeamCountry "UGA"]

1. d4 d5 2. Nc3 Nf6 3. Bf4 c5 4. e3 cxd4 5. exd4 a6 6. Nf3 Nc6 7. Ne5 e6 8. Nxc6 bxc6 9. Na4 Bd6 10. Bxd6 Qxd6 11. Bd3 O-O 12. O-O Rb8 ({RR} 12... a5 13. Qe2 Re8 14. c3 e5 15. dxe5 Rxe5 16. Qf3 Bg4 17. Qg3 Rae8 18. h3 Bh5 19. Rae1 Qe7 20. Rxe5 Qxe5 21. Qxe5 Rxe5 22. Nc5 Bg6 23. Ba6 Ne4 24. Nxe4 Rxe4 25. f3 Re7 26. Kf2 Kf8 27. Re1 {½-½ Lizak,P (2410)-Lopusiewicz,P (2301) Titled Tue 30th Jan Late 2024 (3)}) 13. Re1 $146 ({RR} 13. f4 Nd7 14. b3 c5 15. Nxc5 Nxc5 16. dxc5 Qxc5+ 17. Kh1 g6 18. Qe2 d4 19. Qe5 Qb6 20. Rae1 Bb7 21. Qf6 Qd8 22. Qxd8 Rfxd8 23. Re5 Bd5 24. Kg1 a5 25. a4 Rbc8 26. Rd1 Rc7 27. Kf2 Kg7 {0-1 Thrish,K (2116)-Hamblok,R (2275) Hoogeveen op 22nd 2018 (7)}) ({RR} 13. c3 Nd7 14. b4 e5 15. dxe5 Nxe5 16. Re1 h6 17. Nc5 a5 18. a3 axb4 19. axb4 Bg4 20. Qd2 Ra8 21. Bf1 Qg6 22. Qf4 Rxa1 23. Rxa1 Nc4 24. Bxc4 dxc4 25. Qxc4 Bf3 26. Qf1 Re8 27. Kh1 Be2 {0-1 Madaminov,M (2328)-Shevchenko,K (2652) Titled Tuesday intern op 08th Feb Early blitz 2022 (4)}) 13... a5 14. a3 h6 15. Qd2 Ng4 16. f4 Bd7 17. b3 Bc8 18. Rf1 Qc7 19. Rae1 Nf6 20. Re3 Ra8 21. Nc5 Ra7 22. Qe2 Qd6 23. g4 Nd7 24. b4 axb4 25. axb4 Nxc5 26. bxc5 Qd8 27. g5 hxg5 28. Bh7+ 1-0

[Event "45th Olympiad 2024"]
[Site "Budapest HUN"]
[Date "2024.09.15"]
[Round "5.59"]
[Board "2"]
[White "Kawuma, Patrick"]
[Black "Andrade, Ivan"]
[Result "1-0"]
[WhiteElo "2207"]
[BlackElo "2132"]
[PlyCount "105"]
[EventDate "2024.09.11"]
[WhiteTeam "Uganda"]
[BlackTeam "Mozambique"]
[WhiteTeamCountry "UGA"]
[BlackTeamCountry "MOZ"]

1. c4 Nf6 2. g3 g6 3. d4 Bg7 4. Bg2 c5 5. dxc5 Qa5+ 6. Nc3 Qxc5 7. Bd2 O-O 8. Rc1 d6 9. b4 ({RR} 9. b3 Nc6 10. h3 Qb6 11. e4 Nd7 12. Nge2 a6 13. O-O Rb8 14. Nd5 Qd8 15. Be3 e6 16. Ndc3 Nc5 17. a3 Qe7 18. b4 Nd7 19. Qb3 b6 20. e5 Bb7 21. exd6 Qxd6 22. Rfd1 Qe7 23. Ne4 Ba8 {½-½ Ghazarian,K (2480)-Henriquez Villagra,C (2596) 40th Andorra Open 2024 (7.2)}) 9... Qb6 $146 ({RR} 9... Qh5 10. h3 g5 11. Nf3 h6 12. g4 Qg6 13. h4 Bxg4 14. hxg5 hxg5 15. Nxg5 Nc6 16. Nd5 Nxd5 17. Bxd5 e6 18. Bf3 f5 19. Bxg4 fxg4 20. Qc2 Rf5 21. Ne4 Re5 22. Ng3 Qxc2 23. Rxc2 Nd4 24. Rc1 {1-0 Bai,A (2411)-Shohat,Y (2294) 50th Rilton Cup 2022-23 (4.33)}) 10. Nf3 Nc6 11. a3 e5 12. O-O Be6 13. c5 Qd8 14. Na4 e4 15. Ng5 d5 16. Nxe6 fxe6 17. Bh3 Qe8 18. Nc3 Ne5 19. Bg5 Nfg4 20. f3 h6 21. Bf4 Rxf4 22. gxf4 Ne3 23. Qe1 Nxf1 24. Qxf1 Nc4 25. fxe4 Bxc3 26. Rxc3 Nd2 27. Qe1 Nxe4 28. Re3 Qf7 29. Qh4 Kg7 30. Bg2 g5 31. fxg5 hxg5 32. Qe1 Qf4 33. Qa1+ Kg8 34. Rf3 Qc7 35. Rh3 Qg7 36. Qxg7+ Kxg7 37. Bxe4 dxe4 38. Kf2 Kf6 39. Rh7 Rb8 40. Ke3 Kf5 41. Rf7+ Ke5 42. Rc7 a5 43. Rg7 axb4 44. axb4 Kf6 45. Rh7 Ke5 46. Rh5 Kd5 47. h4 Ra8 48. hxg5 e5 49. g6 Ra3+ 50. Kf2 Ra6 51. Rg5 Ra8 52. g7 Rg8 53. Ke3 1-0

[Event "45th Olympiad 2024"]
[Site "Budapest HUN"]
[Date "2024.09.15"]
[Round "5.59"]
[Board "3"]
[White "Jamal, Hamid Harmon Gulamo"]
[Black "Egesa emmanuel"]
[Result "1-0"]
[WhiteElo "1959"]
[BlackElo "2128"]
[PlyCount "123"]
[EventDate "2024.09.11"]
[WhiteTeam "Mozambique"]
[BlackTeam "Uganda"]
[WhiteTeamCountry "MOZ"]
[BlackTeamCountry "UGA"]

1. e4 {RR} c6 2. Nc3 d5 3. Nf3 Bg4 4. h3 Bxf3 5. Qxf3 e6 6. d3 Nd7 7. Bd2 Bc5 8. Qg3 ({RR} 8. O-O-O Ne7 9. h4 b5 10. h5 b4 11. Ne2 O-O ({RR} 11... Qb6 12. d4 dxe4) 12. Qg3 dxe4 ({RR} 12... Nf6 13. Bh6 Ne8) 13. dxe4 Kh8 14. h6 g6 15. Bf4 ({RR} 15. Bg5 f6 16. Nf4) 15... Qe8 16. Bd6 f6 17. Nd4 Qf7 18. Bc4 Bxd4 19. Rxd4 c5 20. Rd2 Nb6 21. Qb3 Nxc4 22. Qxc4 Rfc8 {1-0 Mastrovasilis,D (2621)-Short,N (2698) EU-chT (Men) 18th 2011 (2.2)}) 8... Bd4 9. O-O-O a6 $146 ({RR} 9... Qb6 10. f4 Ne7 11. Qf3 Nc5 12. Re1 g6 13. Nd1 Bg7 14. f5 dxe4 15. dxe4 Be5 16. b4 Na6 17. fxe6 fxe6 18. Qb3 Nc7 19. Be3 Bd4 20. Bg5 h6 21. Bxe7 Kxe7 22. Bc4 a5 23. c3 Be5 24. Rhf1 {0-1 Veselov,A (2122)-Rozum,I (2590) Chigorin Memorial 24th 2016 (1)}) ({RR} 9... Ne7 10. h4 O-O 11. Ne2 Bf6 12. Bg5 Qb6 13. Bxf6 Nxf6 14. e5 Nd7 15. h5 h6 16. f4 Nf5 17. Qf3 Ne3 18. Rd2 f6 19. exf6 Rxf6 20. g3 Ne5 21. Qf2 N5g4 22. Qg1 Nxf1 23. Qxf1 Raf8 24. Qf3 {0-1 Trabattoni,F (2210)-Chapman,T (2287) World Senior Teams +65 2024 (7.4)}) ({RR} 9... Qb6 10. Be3 Ne7 11. Bxd4 Qxd4 12. Kb1 O-O-O 13. Be2 g6 14. Rhe1 h5 15. h4 a6 16. a3 Rhe8 17. Bf1 Nc5 18. Qf4 Rf8 19. Ne2 Qg7 20. e5 Nd7 21. d4 f6 22. exf6 Rxf6 23. Qe3 Nf5 24. Qg5 {½-½ Fedorchuk,S (2655)-Galkin,A (2615) TUR-chT2 Konya 2014 (1.1)}) ({RR} 9... Qb6 10. f4 Ne7 11. Be2 O-O 12. Kb1 Nc5 13. Bf3 Rfd8 14. Qe1 Bxc3 15. Bxc3 Na4 16. Ka1 d4 17. Bb4 c5 18. Ba3 Qc7 19. e5 Rab8 20. c4 dxc3 21. b3 Nb2 22. Qxc3 Nxd1 23. Qxc5 Qxc5 24. Bxc5 {0-1 Artemiev,V (2474)-Dreev,A (2654) RUS GP rap final 2012 (4)}) 10. Ne2 Bf6 11. f4 g6 12. Bc3 Qb6 13. Bxf6 Ngxf6 14. e5 Ng8 15. d4 c5 16. Qf3 Ne7 17. g4 O-O-O 18. dxc5 Nxc5 19. Nd4 Nc6 20. Nxc6 Qxc6 21. Kb1 Kb8 22. Be2 Qa4 23. Qe3 d4 24. Qf2 Qb4 25. a3 Qb6 26. Rxd4 Rxd4 27. Qxd4 Rd8 28. Qe3 Na4 29. Qxb6 Nxb6 30. Bd3 Rd4 31. Rf1 Nd5 32. f5 Nf4 33. fxe6 fxe6 34. Rf3 h6 35. Kc1 g5 36. b3 Kc7 37. a4 Rd5 38. Re3 Ng2 39. Re4 Nf4 40. Bc4 Rc5 41. b4 Rc6 42. h4 Ng6 43. hxg5 hxg5 44. Kb2 Kd8 45. Bd3 Nf4 46. Rd4+ Ke7 47. Be4 Rc7 48. c3 Ne2 49. Rd3 b5 50. a5 Nf4 51. Rd6 Ne2 52. Rxa6 Nxc3 53. Rc6 Na4+ 54. Kb3 Rd7 55. Rd6 Rxd6 56. exd6+ Kxd6 57. Bd3 Kc6 58. Bf1 e5 59. Bd3 Nc5+ 60. bxc5 Kxc5 61. a6 Kb6 62. Bxb5 1-0

[Event "45th Olympiad 2024"]
[Site "Budapest HUN"]
[Date "2024.09.15"]
[Round "5.59"]
[Board "4"]
[White "Nsubuga, Haruna"]
[Black "Napoleao, Lourenco"]
[Result "1-0"]
[WhiteElo "2243"]
[BlackElo "1913"]
[PlyCount "95"]
[EventDate "2024.09.11"]
[WhiteTeam "Uganda"]
[BlackTeam "Mozambique"]
[WhiteTeamCountry "UGA"]
[BlackTeamCountry "MOZ"]

1. Nf3 d5 2. c4 c6 3. b3 Nf6 4. Bb2 Bf5 5. e3 e6 6. Nc3 Nbd7 7. Be2 h6 8. O-O Bd6 ({RR} 8... Be7 9. Nd4 Bh7 10. f4 O-O 11. Nf3 a6 12. Rc1 Rc8 13. Ne5 Nxe5 14. fxe5 Nd7 15. d4 Bg5 16. Rf3 f6 17. exf6 Rxf6 18. Qe1 e5 19. cxd5 exd4 20. Nd1 d3 21. Bxf6 Nxf6 22. Bf1 Qxd5 23. Nc3 {1-0 Svidler,P (2754)-Aronian,L (2786) Wch Blitz 4th 2009 (31)}) 9. d4 O-O 10. Bd3 Bxd3 $146 ({RR} 10... Ne4 11. Qc2 Ndf6 12. Ne2 Qe7 13. Ne5 Nd7 14. f3 Bxe5 15. dxe5 Nec5 16. Bxf5 exf5 17. Qxf5 Rae8 18. cxd5 cxd5 19. Rad1 Nb6 20. Nf4 g6 21. Qg4 Qd7 22. Qxd7 Nbxd7 23. Nxd5 Re6 24. f4 g5 25. b4 {1-0 Sos Andreu,E (2371)-Cruz Gomez,M (1887) Titled Tue 2nd Jul Early 2024 (1)}) 11. Qxd3 e5 12. cxd5 cxd5 13. dxe5 Nxe5 14. Nxe5 Bxe5 15. Na4 Bxb2 16. Nxb2 Qa5 17. a3 Rac8 18. b4 Qc7 19. Qd4 Qc2 20. h3 Rfe8 21. Rfc1 Qxc1+ 22. Rxc1 Rxc1+ 23. Kh2 Rc2 24. f3 Re2 25. Nd1 b6 26. a4 Rc8 27. Nc3 Re1 28. Qd2 Ra1 29. Nxd5 Nxd5 30. Qxd5 Rac1 31. e4 R1c6 32. f4 R6c7 33. f5 Re8 34. Kg3 Kh7 35. e5 Rce7 36. Kf4 Kh8 37. Qd6 Kh7 38. g4 Kg8 39. h4 f6 40. e6 Rb7 41. Qc6 Rbe7 42. g5 fxg5+ 43. hxg5 hxg5+ 44. Kxg5 Rf8 45. Qd6 Rfe8 46. Kg6 Rb7 47. Qh2 Reb8 48. e7 1-0

[Event "45th Olympiad 2024"]
[Site "Budapest HUN"]
[Date "2024.09.15"]
[Round "5.60"]
[Board "1"]
[White "Laohawirapap, Prin"]
[Black "Cogan, Nicolas"]
[Result "1-0"]
[WhiteElo "2380"]
[BlackElo "2112"]
[PlyCount "107"]
[EventDate "2024.09.11"]
[WhiteTeam "Thailand"]
[BlackTeam "Cote d’Ivoire"]
[WhiteTeamCountry "THA"]

1. e4 c5 2. Nf3 Nc6 3. d4 cxd4 4. Nxd4 g6 5. c4 Bg7 6. Be3 Nf6 7. Nc3 Ng4 8. Qxg4 Nxd4 9. Qd1 Ne6 10. Rc1 Qa5 11. Qd2 d6 12. Be2 Bd7 13. O-O ({RR} 13. b3 Rc8 14. O-O Bc6 15. f3 g5 16. Rfd1 h5 17. Nd5 Qxd2 18. Rxd2 b6 19. b4 Be5 20. Bd1 h4 21. a4 Bxd5 22. exd5 Bf4 23. Bxf4 Nxf4 24. Be2 Kf8 25. Bf1 Kg7 26. Ra1 a5 27. bxa5 bxa5 {½-½ Savon,V (2445)-Fedorov,A (2580) Minsk op 1997 (3)}) 13... Nc5 ({RR} 13... O-O 14. Rfd1 Bc6 15. Nd5 Qd8 16. b4 b6 17. f4 f5 18. exf5 gxf5 19. Bf3 Kh8 20. Qf2 Rc8 21. Kh1 Nc7 22. Qd2 Qd7 23. Qe2 e6 24. Nc3 Ne8 25. Bxc6 Qxc6 26. Nb5 Rf7 27. Bd4 Re7 28. Bxg7+ {½-½ Cappai,D (2214)-Montorsi,M (2039) Imola Ferrari Cup 1st 2021 (2)}) 14. Bf3 Bc6 15. Bd4 Bxd4 $146 ({RR} 15... O-O 16. Bxg7 Kxg7 17. Rfd1 Rad8 18. Rb1 Na4 19. Nd5 Qxd2 20. Rxd2 Rfe8 21. Re1 a5 22. b3 Nc5 23. h4 e6 24. Nc3 Rd7 25. Bd1 Red8 26. Kf1 d5 27. cxd5 exd5 28. exd5 Bxd5 29. Nxd5 Rxd5 30. Rxd5 {½-½ Reshko,A (2410)-Faibisovich,V (2425) Leningrad-ch49 Final 1976}) 16. Qxd4 O-O 17. Qe3 Nd7 18. Be2 Qb6 19. Qxb6 Nxb6 20. f4 Na4 21. Nxa4 Bxa4 22. Kf2 Rac8 23. Ke3 Rc7 24. g4 Rfc8 25. h4 Bd7 26. Rcd1 a6 27. h5 Kg7 28. Rh1 f6 29. Rh2 g5 30. fxg5 fxg5 31. h6+ Kf6 32. Rf2+ Ke6 33. Rf5 Rg8 34. Rdd5 Rg6 35. Rxg5 Rxh6 36. Rh5 Rxh5 37. Rxh5 Be8 38. Rxh7 Bg6 39. Rh8 Ke5 40. Bd3 Bf7 41. b3 e6 42. Rh7 Rd7 43. g5 Be8 44. g6 Kf6 45. e5+ dxe5 46. Rxd7 Bxd7 47. Be4 Bc6 48. Bxc6 bxc6 49. Ke4 Kxg6 50. Kxe5 Kf7 51. Kd6 Kf6 52. Kxc6 e5 53. Kd5 Kf5 54. c5 1-0

[Event "45th Olympiad 2024"]
[Site "Budapest HUN"]
[Date "2024.09.15"]
[Round "5.60"]
[Board "2"]
[White "De Gondo, Simplice Armel"]
[Black "Kulpruethanon, Thanadon"]
[Result "1/2-1/2"]
[WhiteElo "2045"]
[BlackElo "2286"]
[PlyCount "84"]
[EventDate "2024.09.11"]
[WhiteTeam "Cote d’Ivoire"]
[BlackTeam "Thailand"]
[BlackTeamCountry "THA"]

1. d4 Nf6 2. Nf3 d5 3. c4 e6 4. g3 Be7 5. Bg2 O-O 6. O-O c6 7. Ne5 Nbd7 8. f4 dxc4 9. Nxc4 c5 10. e3 Nb6 11. Ne5 cxd4 12. exd4 Nbd5 13. Nc3 Qb6 14. Na4 $146 ({RR} 14. Kh1 Rd8 15. Ne4 Nxe4 16. Bxe4 Nf6 17. Bf3 Rxd4 18. Qc2 Rd8 19. Re1 Bd7 20. Be3 Qa6 21. Qb3 Bc6 22. Bxc6 bxc6 23. f5 Rab8 24. Qc2 c5 25. Rad1 Qb7+ 26. Kg1 Rxd1 27. Rxd1 Nd5 28. Bc1 Bf6 {1-0 Haussler,D (1734)-Kornitzky,T (2137) GER-ch Net blitz qual3 2020 (9)}) 14... Qb5 15. Nc3 Qb4 16. Nxd5 exd5 17. f5 Bd8 18. Qd3 Bb6 19. Be3 Rd8 20. a3 Qd6 21. Rae1 Bd7 22. Bf4 Nh5 23. Bd2 Bb5 24. Qxb5 Bxd4+ 25. Kh1 Bxe5 26. Bb4 Nxg3+ 27. hxg3 Qh6+ 28. Kg1 Bxg3 29. Rf2 Qh2+ 30. Kf1 Bxf2 31. Kxf2 Rac8 32. Qd3 Rc4 33. Bd2 Qc7 34. Bg5 Rc2+ 35. Kf1 Rc8 36. Bxd5 h6 37. Be3 Qg3 38. Qe4 Qh3+ 39. Kg1 Qg3+ 40. Kf1 Qh3+ 41. Kg1 Qg3+ 42. Kf1 Qh3+ 1/2-1/2

[Event "45th Olympiad 2024"]
[Site "Budapest HUN"]
[Date "2024.09.15"]
[Round "5.60"]
[Board "3"]
[White "Bodemar, Jonathan"]
[Black "Manan, Yoboue Hermann"]
[Result "1-0"]
[WhiteElo "2195"]
[BlackElo "2030"]
[PlyCount "67"]
[EventDate "2024.09.11"]
[WhiteTeam "Thailand"]
[BlackTeam "Cote d’Ivoire"]
[WhiteTeamCountry "THA"]

1. e4 e5 2. Nf3 Nc6 3. Bc4 Bc5 4. c3 Nf6 5. d4 exd4 6. e5 d5 7. Bb5 Ne4 8. cxd4 Bb6 9. Nc3 O-O 10. Be3 Bg4 11. h3 Be6 ({RR} 11... Bh5 12. Qc2 Nxc3 13. bxc3 f6 14. exf6 Qxf6 15. Be2 Na5 16. O-O Bxf3 17. Bxf3 c6 18. Rae1 Nc4 19. Bc1 Qg6 20. Qd1 Rae8 21. Rxe8 Qxe8 22. Be2 Qe6 23. Bxc4 dxc4 24. Re1 Qf7 25. Qe2 Ba5 26. Qe3 {½-½ Nepomniachtchi,I (2792)-Carlsen,M (2855) Norway Chess 9th 2021 (10)}) 12. O-O h6 ({RR} 12... f6 13. exf6 Qxf6 14. Bxc6 bxc6 15. Ne5 c5 16. Nxe4 dxe4 17. dxc5 Qxe5 18. cxb6 Rad8 19. Qc2 axb6 20. Rac1 c5 21. b3 Rf6 22. Qe2 Rdf8 23. Rcd1 Bxh3 24. gxh3 Rg6+ 25. Kh1 Rf3 26. Rd8+ Kf7 27. Qxf3+ {0-1 Ji,J (1897)-Mansoor,A (2118) TCh-NOR Elite 2022-23 (6.26)}) 13. Rc1 $146 ({RR} 13. Bd3 Nxc3 14. bxc3 f5 15. Qc1 Qe7 16. Nh2 Qf7 17. f4 Ne7 18. Be2 Kh8 19. Kh1 Rac8 {1-0 Yorgun,Y (1737)-Sade,D (1954) TUR-chT Ankara 2018 (7.3)}) 13... Ne7 14. Bd3 Nxc3 15. bxc3 Nf5 16. Bf4 g5 17. Bd2 Kg7 18. Qc2 Qd7 19. Nh2 Nh4 20. f4 gxf4 21. Rxf4 Ng6 22. Rf6 Nxe5 23. Rcf1 Rh8 24. Kh1 Nxd3 25. Qxd3 Rag8 26. Qg3+ Kf8 27. Qe5 Ke8 28. Ng4 Qd6 29. Qh5 Kd8 30. Ne5 Rg7 31. Bxh6 Rgh7 32. Nxf7+ Rxf7 33. Rxf7 Re8 34. Rf8 1-0

[Event "45th Olympiad 2024"]
[Site "Budapest HUN"]
[Date "2024.09.15"]
[Round "5.60"]
[Board "4"]
[White "Nean, Franck Anderson"]
[Black "Teerapabpaisit, Wisuwat"]
[Result "0-1"]
[WhiteElo "1917"]
[BlackElo "2070"]
[PlyCount "104"]
[EventDate "2024.09.11"]
[WhiteTeam "Cote d’Ivoire"]
[BlackTeam "Thailand"]
[BlackTeamCountry "THA"]

1. d4 Nf6 2. c4 g6 3. Nc3 Bg7 4. e4 d6 5. Be2 Nbd7 6. Be3 c5 ({RR} 6... e5 7. d5 a5 8. h4 Nc5 9. Qc2 Ng4 10. Bd2 f5 11. Bxg4 fxg4 12. h5 Bd7 13. Nge2 Qf6 14. Be3 b6 15. O-O-O h6 16. Ng3 g5 17. Rdf1 O-O 18. f3 Qe7 19. Nf5 Bxf5 20. exf5 gxf3 21. Bxc5 {0-1 Ivic,V (2560)-Caruana,F (2766) Titled Tue 22nd Nov Late 2022 (7)}) ({RR} 6... e5 7. d5 Nc5 8. Bf3 a5 9. g4 h5 10. g5 Nh7 11. h4 f6 12. Qd2 fxg5 13. hxg5 O-O 14. O-O-O Bd7 15. Be2 a4 16. Nf3 Rf4 17. Bxf4 exf4 18. Nd4 Qxg5 19. Rdg1 Qf6 20. e5 dxe5 21. Ndb5 {1-0 Kalavannan,K (2324)-Maksimovic,B (2497) Titled Tue 23rd Jan Late 2024 (3)}) 7. d5 Qa5 ({RR} 7... a6 8. a4 Qa5 9. Bd2 O-O 10. h3 Qc7 11. Qc2 e6 12. O-O-O exd5 13. exd5 Re8 14. g4 Nf8 15. Bd3 Bd7 16. f4 b5 17. f5 b4 18. Nce2 b3 19. Qb1 Bxa4 20. Nc3 Bd7 21. g5 Nh5 22. f6 {0-1 Khumnorkaew,T (2040)-Teerapabpaisit,W (2112) THA-ch Bangkok 2019 (7)}) 8. Bd2 a6 $146 ({RR} 8... Qb6 9. Qc2 h5 10. h3 a6 11. a3 Nf8 12. b4 N8d7 13. Rb1 Qc7 14. f4 cxb4 15. axb4 b5 16. cxb5 Nxe4 17. Qxe4 Bxc3 18. Rc1 Bxd2+ 19. Kxd2 Qb8 20. Qd4 Rg8 21. bxa6 Bxa6 22. Bxa6 Rxa6 23. Qc4 {1-0 Radhy Sol,M-Nawa,M Olympiad-27 Dubai 1986 (12)}) 9. g4 h6 10. h4 Ne5 11. f3 Rb8 12. a3 Qc7 13. Nh3 Bd7 14. a4 Bc8 15. Nf2 Ned7 16. f4 e6 17. Rc1 exd5 18. cxd5 c4 19. Bxc4 Qxc4 20. Nb5 axb5 21. Rxc4 bxc4 22. Bb4 Nc5 23. Bxc5 dxc5 24. e5 Nd7 25. Ne4 O-O 26. Nd6 Nxe5 27. fxe5 Bxe5 28. Nxc4 Bd4 29. Kd2 b5 30. axb5 Rxb5 31. b3 Rd8 32. d6 Be6 33. Qf3 Bxc4 34. bxc4 Rb2+ 35. Kc1 Rxd6 36. Rf1 Rd7 37. Rd1 Rdb7 38. Qe4 Bf6 39. Rd6 Bxh4 40. Rxg6+ Kf8 41. Qf5 Bf2 42. Qc8+ Ke7 43. Rc6 Be3+ 44. Kd1 Rd2+ 45. Kc1 Rd8+ 46. Kc2 Rxc8 47. Rxc8 Rd7 48. Kb3 Rd1 49. Ka4 Rb1 50. Rc7+ Ke8 51. Rc8+ Kd7 52. Rf8 Ke7 0-1

[Event "45th Olympiad 2024"]
[Site "Budapest HUN"]
[Date "2024.09.15"]
[Round "5.61"]
[Board "1"]
[White "Sanchez Alvarez, Roberto Carlos"]
[Black "Liyanage, Ranindu Dilshan"]
[Result "1-0"]
[WhiteElo "2376"]
[BlackElo "2366"]
[PlyCount "51"]
[EventDate "2024.09.11"]
[WhiteTeam "Panama"]
[BlackTeam "Sri Lanka"]
[WhiteTeamCountry "PAN"]
[BlackTeamCountry "SRI"]

1. d4 d5 2. c4 e6 3. Nc3 a6 4. cxd5 exd5 5. Bf4 Nf6 6. e3 c5 7. Nge2 Nc6 8. g3 Bg4 9. Bg2 cxd4 10. exd4 Be7 11. O-O O-O 12. Re1 ({RR} 12. h3 Be6 13. Be3 Rc8 14. Nf4 Bb4 15. Rc1 Qd6 16. Nd3 Bxc3 17. Rxc3 Ne4 18. Rc1 Nb4 19. Nc5 Nxa2 20. Ra1 Nb4 21. Nxb7 Qd7 22. Nc5 Nxc5 23. dxc5 Rfd8 24. Qd2 Nc6 25. Rxa6 d4 26. Bf4 Bc4 {½-½ Tulchynskyi,F (2288)-Katsanis,V (2100) 3rd Sat GM/IM Mix 189 2024 (6.11)}) 12... Qd7 $146 ({RR} 12... Re8 13. h3 Bf5 14. g4 Be4 15. Nxe4 Nxe4 16. Nc3 Bg5 17. Bxg5 Qxg5 18. Nxe4 dxe4 19. Bxe4 h5 20. Bxc6 bxc6 21. Qf3 hxg4 22. hxg4 Rad8 23. Re3 Rxe3 24. fxe3 Rd6 25. Rf1 Rf6 26. Qg3 Rxf1+ 27. Kxf1 {0-1 David,A (2404)-Ardelean,G (2470) TCh-ROU Rapid 2022 (7.5)}) 13. Be5 Rad8 14. Qb3 Na5 15. Qc2 Bf5 16. Qc1 Ne4 17. Nf4 Bg5 18. Ncxd5 Nd6 19. h4 Bxf4 20. Qxf4 Nac4 21. Qg5 f6 22. Nxf6+ Rxf6 23. Bd5+ Re6 24. Bxd6 Kh8 25. Bxe6 Bxe6 26. Rxe6 1-0

[Event "45th Olympiad 2024"]
[Site "Budapest HUN"]
[Date "2024.09.15"]
[Round "5.61"]
[Board "2"]
[White "Amarathunga, Kosala Sandeepa Chamikara"]
[Black "Delgado Rosas, Alex Antonio"]
[Result "1/2-1/2"]
[WhiteElo "1956"]
[BlackElo "2157"]
[PlyCount "171"]
[EventDate "2024.09.11"]
[WhiteTeam "Sri Lanka"]
[BlackTeam "Panama"]
[WhiteTeamCountry "SRI"]
[BlackTeamCountry "PAN"]

1. b3 d5 2. Bb2 Bf5 3. d3 e6 4. Nd2 Nf6 5. g3 h6 6. Bg2 Be7 7. e4 Bh7 8. Qe2 O-O 9. Ngf3 c5 10. O-O Nc6 11. a3 Rc8 $146 ({RR} 11... Qc7 12. Rfe1 Rfd8 13. Rad1 a5 14. a4 Nb4 15. Rc1 Rac8 16. Ne5 Na2 17. Ra1 Nb4 18. Rac1 Na2 19. Rcd1 Nb4 20. Nf1 c4 21. bxc4 dxe4 22. dxe4 Na6 23. Rxd8+ Rxd8 24. Ng4 Nxg4 25. Qxg4 Bf8 26. Ne3 {0-1 Nepomniachtchi,I (2784)-Aronian,L (2773) Saint Louis Blitz 2020 (12)}) 12. Rae1 Nd4 13. Nxd4 cxd4 14. e5 Nd7 15. Nf3 Bc5 16. b4 Bb6 17. Bxd4 Bxd4 18. Nxd4 Qb6 19. Qe3 Rc3 20. f4 Nb8 21. b5 Rxa3 22. g4 Ra4 23. c3 Rc8 24. Rc1 Ra3 25. f5 Nd7 26. fxe6 fxe6 27. Kh1 Bg6 28. Qd2 Nxe5 29. Rfe1 Nxd3 30. Rxe6 Qc5 31. Rxg6 Qxd4 32. cxd4 Rxc1+ 33. Qxc1 Nxc1 34. Bxd5+ Kf8 35. Bxb7 Ne2 36. Rc6 Nxd4 37. Rc8+ Ke7 38. Rc7+ Kf6 39. Rc5 g6 40. Kg1 Ra2 41. h3 Rb2 42. Bc6 Ne6 43. Rc3 Kg5 44. Bd7 Nd4 45. Rd3 Ne2+ 46. Kf1 Nf4 47. Ra3 Kh4 48. Ra4 g5 49. Ra6 Nd3 50. Bf5 Ne5 51. Rxh6+ Kg3 52. Ke1 Rxb5 53. Ra6 Rb7 54. Ra3+ Kh4 55. Kf2 Rb2+ 56. Ke1 Nc6 57. Ra6 Rb6 58. Ra3 a6 59. Bd3 Nb4 60. Kf1 Nxd3 61. Rxd3 Rb1+ 62. Kg2 Rb2+ 63. Kg1 Ra2 64. Re3 a5 65. Rd3 a4 66. Re3 Rb2 67. Ra3 Rb3 68. Rxa4 Kxh3 69. Kf2 Rb2+ 70. Kf3 Rb8 71. Kf2 Rf8+ 72. Kg1 Kg3 73. Ra2 Kxg4 74. Rg2+ Kh5 75. Rh2+ Kg6 76. Ra2 Rb8 77. Kg2 Kh5 78. Rc2 Rb3 79. Rc7 Kh4 80. Rc4+ Kh5 81. Rc7 Rb2+ 82. Kg3 Rb3+ 83. Kg2 Re3 84. Rc8 Kg4 85. Rc4+ Kf5 86. Rc5+ 1/2-1/2